000 00728cam a2200253 a 4500
001 2360
005 20231122135602.0
020 _a9780545110297
040 _aDLC
_cDLC
_dDLC
_beng
050 0 0 _aPZ7.A7379
_bFl 2010
082 0 0 _a813.6
_222
100 1 _aArnold, Tedd
245 1 0 _aFly Guy meets Fly Girl! /
_cTedd Arnold
250 _aFirst printing , January 2010
260 _aNew York :
_bCartwheel Books,
_c2010
300 _a30 pages :
_bIllustratiins
_c23 cm
505 _aF
520 _aWhen Fly Guy meets Fly Girl, he is amazed and smitten.
521 _a310
_bLexile
521 _aF
_bRaz-Plus
650 1 _aFlies
_vFiction.
906 _a7
_bcbc
_corignew
_d1
_eecip
_f20
_gy-gencatlg
942 _2ddc
_cBK
_n0
999 _c2360
_d2360